02738 2201129 4500001002100000005001500021035002000036008004100056245003100097100001400128250000600142260003200148300002900180020002200209084001400231520040500245082000800650650001400658990001200672990001200684990001200696990001200708990001200720990001200732990001200744990001200756990001200768990001200780990001200792990001200804990001200816990001200828990001200840990001200852990001200864990001200876990001200888990001200900990001200912990001200924990001200936990001200948990001200960990001200972990001200984990001200996990001201008990001201020990001201032990001201044990001201056990001201068990001201080990001201092990001201104990001201116990001201128990001201140990001201152990001201164990001201176990001201188990001201200990001201212990001201224990001201236990001201248990001201260990001201272990001201284990001201296990001201308990001201320990001201332990001201344990001201356990001201368990001201380990001201392990001201404990001201416990001201428990001201440990001201452990001201464990001201476990001201488990001201500990001201512990001201524990001201536990001201548990001201560990001201572990001201584990001201596INLIS00000000000002420240430025635 a0010-0324000024240430 0 ind 1 aPJOK Kelas XI /cSumaryoto aSumaryoto a1 aJakarta :bKEMDIKBUD,c2016 a294 hlm ;c17 cm x 25 cm a978-602-427-130-5 a700 SUM p aPJOK adalah mata pelajaran yang membekali peserta didik dengan kemampuan untuk memiliki kebugaran dan keterampilan jasmani yang bermanfaat dalam kehidupan sehari-hari. Memiliki tujuan supaya peserta didik dapat memperoleh perubahan perilaku gerak, perilaku berolahraga dan perilaku sehat.Pada akhirnya aktivitas jasmani dibarengi dengan sikap yang sesuai sehingga hasil yang diperoleh adalah optimal. a700 4aNon Fiksi a0738498 a0738499 a0738500 a0738501 a0738502 a0738503 a0738504 a0738505 a0738506 a0738507 a0738508 a0738509 a0738510 a0738511 a0738512 a0738513 a0738514 a0738515 a0738516 a0738517 a0738518 a0738519 a0738520 a0738521 a0738522 a0738523 a0738524 a0738525 a0738526 a0738527 a0738528 a0738529 a0738530 a0738531 a0738532 a0738533 a0738534 a0738535 a0738536 a0738537 a0738538 a0738539 a0738540 a0738541 a0738542 a0738543 a0738544 a0738545 a0738546 a0738547 a0738548 a0738549 a0738550 a0738551 a0738552 a0738553 a0738554 a0738555 a0738556 a0738557 a0738558 a0738559 a0738560 a0738561 a0738562 a0738563 a0738564 a0738565 a0738566 a0738567 a0738568 a0738569 a0738570 a0738571 a0738572 a0738573 a0738574 a0738575